• 首页
  • 本馆介绍
  • 公告通知
  • 最新文献
  • 馆藏检索
  • 电子资源
  • 读者导购
  • 参考咨询
  • 我的图书馆
  • 登录
  • 详细信息显示
  • 放入我的书架
  • 预约/预借图书
  • 作者相关作品
  • 分类相关作品
  • 丛书相关作品
  • 出版社相关作品

书目信息

  • 表格格式
  • 工作单格式
  • 卡片格式
题名:
观点
    
 
作者: 万晓琼 主编
分册:   经济2006
出版信息: 福州   福建人民出版社  2007
页数: 177页
开本: 23cm
丛书名:
单 册:
中图分类: C53 , F12-53
科图分类:
主题词: 社会科学--文集 , 经济--中国--文集 , 社会科学 , 经济
电子资源:
ISBN: 978-7-211-05467-1
000 00884nam0 2200277 450
001 1234398827
005 20121003093410.01
010    @a978-7-211-05467-1@dCNY19.60
100    @a20070226d2007 em y0chiy50 ea
101 0  @achi
102    @aCN@b350000
105    @ay z 001yy
200 1  @a观点@Aguan dian@i经济2006@f万晓琼主编
210    @a福州@c福建人民出版社@d2007
215    @a177页@d23cm
300    @a2006年度中国学术观点 中国人民大学书报资料中心
330    @a本书包括:“理论探讨”、“经济形势”、“宏观经济运行”、“体制改革”、“产业与能源”、“房地产”、“新农村”、“区域经济”、“财税·金融·保险”等13个专题。
606 0  @a社会科学@j文集
606 0  @a经济@y中国@j文集
606 0  @a社会科学
606 0  @a经济
690    @aC53@v4
690    @aF12-53@v4
701  0 @a万晓琼@Awan xiao qiong@4主编
801  0 @aCN@bNLC@c20101222
905    @a10447@dC53@eJY95
    
    观点.经济2006/万晓琼主编.-福州:福建人民出版社,2007
    177页;23cm
    2006年度中国学术观点 中国人民大学书报资料中心
    
    ISBN 978-7-211-05467-1:CNY19.60
    本书包括:“理论探讨”、“经济形势”、“宏观经济运行”、“体制改革”、“产业与能源”、“房地产”、“新农村”、“区域经济”、“财税·金融·保险”等13个专题。
●
相关链接 在E读中查询图书 在五车中查询图书 在当当中查询图书 在豆瓣中查询图书


正题名:观点     索取号:C53/JY95         预约/预借

序号 登录号 条形码 馆藏地/架位号 状态 备注
1 7810205   278102054   学院路分馆/ [索取号:C53/JY95] 在馆    
2 7810206   278102063   学院路分馆/ [索取号:C53/JY95] 在馆    
唐山师范学院图书馆 欢迎您!
大连网信软件有限公司© 版权所有